Deťom pomôže nové EEG laboratórium

Bibliographic Details
Format: Article
Language:Slovak
PhysicalDescription:Fotogr.
ISSN:1335-4566
Subjects:

MARC

LEADER 00000nab a2200000 a 4500
001 vtls008826926
003 SK-MaSNL
005 20260304232849.0
008 060628c20060628xo drz 0 0slo
038 |a KEVKJB 
040 |a KEVKJB  |b slo  |c KEVKJB  |e AACR2 
041 0 |a slo 
044 |a xo  |c SK 
080 |a 616.8  |2 2001 
245 0 0 |a Deťom pomôže nové EEG laboratórium  |c [autor] (jg) 
300 |b Fotogr. 
610 2 7 |a Detská fakultná nemocnica Košice.  |b Oddelenie detskej neurológie  |2 kevkjb  |9 263739 
650 0 7 |a elektroencefalografia  |x laboratórium  |2 kevkjb  |9 1567994 
651 7 |a Košice (Slovensko)  |2 kevkjb  |9 18694 
773 0 |t Košický denník Korzár  |g Roč. IX, č. 148 (28.6.2006), s. 3  |x 1335-4566 
852 |a KEVKJB  |b KIS3GCP 
999 |c 3195671  |d 3197601